10 Words, 20 Definitions XVIII Quiz Stats

 Plays Quiz Updated Aug 13, 2019

Score 0/20 Timer 03:00
7 Plays Today
% Correct
Pool
95.8%
Iris
95.6%
Material
95.4%
Corner
95.2%
Watch
95.1%
Badger
94.7%
Iris
94.3%
Register
92.1%
Watch
91.2%
Dictate
90.8%
% Correct
Badger
90.1%
Corner
90.1%
Dictate
89.7%
Train
89.2%
Sign
85.8%
Pool
83.9%
Train
83.7%
Sign
83.2%
Register
81.9%
Material
80%

You're not logged in!

Compare scores with friends on all Sporcle quizzes.
OR
Log In

Sporcle TV

Today on Sporcle TV


Watch our educational content, quiz creation guides, and fun videos on Sporcle TV.

Show Comments

Extras

Top Quizzes Today


Score Distribution

Your Account Isn't Verified!

In order to create a playlist on Sporcle, you need to verify the email address you used during registration. Go to your Sporcle Settings to finish the process.

Report this User

Report this user for behavior that violates our Community Guidelines.

Details: